01788nkc a2200277za 450000100060000000300040000600500170001000700070002700800410003404000240007524500680009924600360016726000350020330000970023850003600033550003360069550000880103154400760111960000210119561000510121665100180126765500350128571000280132085200120134885601500136084600OSt20260427104835.0kh boc250410s1909 sp ||||| ||||||0| i|spa d aM-RABAbspacM-RABA00aHoracios y Curiáceosh[Material gráfico]c/ Andrés Adán aLucha de Horacios y Curiáceos b[Hauser y Menet]c, [ca. 1909] a1 fotografíab: gelatina de plata c; imagen 19 x 11,5 cmc; soporte secundario 30 x 24 cm aFotografía del relieve "Lucha de Horacios y Curiáceos" de Andrés Adán. Se presento a los premios de la Academia en Escultura, en el año 1802, pero no fue premiada, pero si sirvió para posteriormente declararle académico supernumerario. Se conserva en el Museo de la Real Academia de Bellas Artes de San Fernando con nº de inventario E-305. aMontada sobre un soporte secundario de cartón, con texto manuscrito a lápiz en la parte inferior al recto: "Horacios y Curiáceos de Andrés Adán. Presentado a concurso y no premiado. Sirvió después para declararle académico supernumerario. 1802-1ª clase". Nota manuscrita al verso a lápiz rojo: "Andrés Adán". aFecha probable de la realización de la fotografía realizada por Hauser y Menet. aArchivo de la Real Academia de Bellas Artes de San Fernando (Le-4-29-1)10aAdán, Andrés24aReal Academia de Bellas Artes de San Fernando. 7aMadrid2embne 7aFotografías de obras de arte2 aHauser y Menet (Madrid) jFot-620 3Fot-620uhttps://archivoybiblioteca.realacademiabellasartessanfernando.com/cgi-bin/koha/opac-retrieve-file.pl?id=30428089c9448acc3fe551e9b19bc25a